000 00612nam a22002297a 4500
003 UA-OsUOA
001 97923
007 ta
008 20130408b un ||||| |||| 00| 0 ukr d
100 _aНеруда П.
090 _a821.134.2
_bН54
942 _cBK
040 _aUA-OsUOA
_brus
_cUA-OsUOA
_dUA-OsUOA
245 _aПризнаюсь: я жил
_bвоспоминания
300 _a438 с.
955 _a3
041 _arus
080 _a821.134.2
260 _aМ.
_bПолитиздат
_c1978
650 7 _a82 Література. Літературознавство
_2UDC
999 _c384164
_d384164